Loading...
| Mythology | 0 | 4 | 1 | 1 | 35 | 34 | 72.00 | 0 | 2 |
| Social Science | 0 | 2 | 1 | 0 | 15 | 53 | 63.50 | 1 | 1 |
| History - World History | 0 | 1 | 0 | 1 | 10 | 101 | 101.00 | 0 | 0 |
| Literature - American Literature | 0 | 1 | 0 | 1 | 10 | 86 | 86.00 | 0 | 0 |
| Current Events | 0 | 1 | 0 | 1 | 10 | 110 | 110.00 | 0 | 0 |
| Literature - European Literature | 0 | 1 | 0 | 0 | 10 | 106 | 106.00 | 0 | 1 |
| Fine Arts - Other Fine Arts | 0 | 1 | 0 | 0 | 10 | 37 | 37.00 | 0 | 1 |
| Science - Other Science | 0 | 1 | 0 | 1 | 10 | 101 | 101.00 | 0 | 0 |
| Science - Biology | 0 | 1 | 1 | 0 | 5 | 29 | 29.00 | 1 | 1 |
| Literature - British Literature | 0 | 1 | 1 | 0 | 5 | 81 | 81.00 | 0 | 0 |
| Science - Chemistry | 0 | 0 | 1 | 0 | -5 | 0.00 | 0 | 0 | |
| Geography | 0 | 0 | 1 | 0 | -5 | 0.00 | 0 | 0 |